| 000 | 00883 a2200241 4500 | ||
|---|---|---|---|
| 005 | 20080829123836.0 | ||
| 008 | 080908t xxu||||| |||| 00| 0 eng d | ||
| 010 | _aENG-90971 | ||
| 020 |
_a9788178803296 _c650.00 |
||
| 035 | _aEN-74504 | ||
| 037 | _bDBAD / PUB | ||
| 040 |
_adpl _bEnglish |
||
| 082 | _a658.827 | ||
| 100 | _aChaurasia, Harish | ||
| 245 |
_aBrand management / _cby Harish Chaurasia |
||
| 260 |
_aNew Delhi _bRajat Publications _c2008 |
||
| 270 |
_a4675/21, Ansari Raod, Darya Ganj, _bNew Delhi _e110002 |
||
| 300 |
_avi, 285 p. _c22 cm. (Hb) |
||
| 500 | _aIncludes bibliographical references and index | ||
| 650 | _aProduct management | ||
| 942 |
_adpl _cEN _2ddc _h658.827 _mCHA |
||
| 999 |
_c15396 _d15396 |
||